¡Para empezar, tú no eres mi madre!. ¿Qué lugar debe ocupar una madrastra? (Record no. 72221)

MARC details
000 -LEADER
campo de control de longitud fija 00596nmm a2200181Ia 4500
008 - DATOS DE LONGITUD FIJA--INFORMACIÓN GENERAL
campo de control de longitud fija 251105s9999||||xx |||||||||||||||||und||
020 ## - NÚMERO INTERNACIONAL ESTÁNDAR DEL LIBRO
Número Internacional Estándar del Libro 9788431534721
041 ## - CÓDIGO DE IDIOMA
Código de lengua del texto/banda sonora o título independiente spa
100 ## - ENTRADA PRINCIPAL--NOMBRE DE PERSONA
Nombre de persona Vallejo, Dra. Marie-Claude
245 #0 - MENCIÓN DEL TÍTULO
Título ¡Para empezar, tú no eres mi madre!. ¿Qué lugar debe ocupar una madrastra?
264 ## - PRODUCCIÓN, PUBLICACIÓN, DISTRIBUCIÓN, FABRICACIÓN Y COPYRIGHT
Producción, publicación, distribución, fabricación y copyright [Madrid, España] :
Nombre del de productor, editor, distribuidor, fabricante De Vecchi,
Fecha de producción, publicación, distribución, fabricación o copyright [Fecha de publicación no identificada]
300 ## - DESCRIPCIÓN FÍSICA
Extensión 0 páginas
650 ## - PUNTO DE ACCESO ADICIONAL DE MATERIA--TÉRMINO DE MATERIA
Término de materia o nombre geográfico como elemento de entrada Family
700 ## - ENTRADA AGREGADA--NOMBRE PERSONAL
Nombre de persona Vallejo, Dra. Marie-Claude
700 1# - ENTRADA AGREGADA--NOMBRE PERSONAL
Nombre de persona Fronty, Mireille
856 ## - LOCALIZACIÓN Y ACCESO ELECTRÓNICOS
Identificador Uniforme de Recursos <a href="https://public.digitaliapublishing.com/a/123159">https://public.digitaliapublishing.com/a/123159</a>
942 ## - ELEMENTOS DE ENTRADA SECUNDARIOS (KOHA)
Tipo de ítem Koha Libro Digital

No items available.

Powered by Koha